| 000 | 00331 a2200133 4500 | ||
|---|---|---|---|
| 999 |
_c325020 _d325020 |
||
| 001 | 89947 | ||
| 003 | NUST | ||
| 005 | 20180124142730.0 | ||
| 008 | 180124b xxu||||| |||| 00| 0 eng d | ||
| 082 | _a982.6 HUS | ||
| 100 |
_aHussain Ashfaq Col _99708 |
||
| 245 |
_aBarf Kay Qaidi _cAshfaq Hussain Col _hUrdu |
||
| 260 |
_aLahore _bIdara Matboghat _c2013 |
||
| 300 | _a320p. | ||
| 500 | _aGeneral Books | ||
| 942 |
_aCAE NUST _cBK _k982.6 HUS _2ddc |
||